| 000 | 00481nam a2200181Ia 4500 | ||
|---|---|---|---|
| 001 | 9123 | ||
| 005 | 20260306160700.0 | ||
| 008 | 260306t2005||||xx |||||||||||||| ||spa|| | ||
| 041 | _aESP | ||
| 082 |
_a372.7 _bP23 |
||
| 100 |
_aPanizza, Mabel (Comp.) _eAUT |
||
| 245 | 0 | _aEnseñar matemática en el nivel inicial y el primer ciclo de la E.G.B texto impreso | |
| 260 | _c2005 | ||
| 300 |
_a326 páginas : _c22 cm. |
||
| 650 | _aGEN | ||
| 654 | _aCED | ||
| 942 |
_cLIB _dJUS _fJUS _2ddc _n |
||
| 999 |
_c9123 _d9123 |
||